| 000 | 00793nam a22002177a 4500 | ||
|---|---|---|---|
| 001 | 38153 | ||
| 003 | BD-RjUL | ||
| 005 | 20211209052734.0 | ||
| 008 | 150916s1994 bg ||||| |||| 00| 0 ben d | ||
| 035 | _a(BD-RjUL)38258 | ||
| 040 |
_aBD-RjUL _bben _cBD-RjUL |
||
| 041 | _aben | ||
| 082 |
_a190.903 _bTAA 1994 |
||
| 100 |
_aতালুকদার, আবদুল হাই _9118058 |
||
| 245 |
_aআধুনিক পাশ্চত্য দর্শনের ইতিহাস / _cআবদুল হাই তালুকদার |
||
| 260 |
_aঢাকা : _bলাকী বুক হাউস, _c১৯৯৪ |
||
| 300 |
_a১৮৯ পৃ. ; _c১৯ সেমি. |
||
| 504 | _aIncludes bibliography. | ||
| 650 |
_aPhilosophy, Modern _xHistory. _9118057 |
||
| 942 |
_2ddc _cBK _012 |
||
| 999 |
_c38153 _d38153 |
||